01021na a2200265 450000100060000000300080000600500170001400800410003104000250007204100080009708200270010509000260013210000190015824500500017726000590022730000190028661000280030561000610033365000140039465000400040894200130044895201460046195201310060799900170073824474MIRAKIL20181213155334.0181116b tu 000 0  aMilasbturcTR-AnCHP atur aCHP 324.174bA47s 1977 aCHP 324.174 A47s 1977 aAksoy, Muammer aSosyalist Enternasyonal ve CHPcMuammer Aksoy aAnkarabTekin Yayınevic1977fYaylacık matbaacılık a216 s.c19 sm. aSosyalist Enternasyonal aCumhuriyet Halk Partisi (CHP)xPropaganda ve ideolojiler aSosyalizm aSosyal demokrat partilerzTürkiye 2ddccBKS a0001b0001d2018-11-16e2l0oCHP 324.174 A47s 1977p018410r2018-11-16 00:00:00v0.00w2018-11-16xBağışlayan: Ertuğrul ÇepniyBKS a0001b0001d2021-08-13l0oCHP 324.174 A47s 1977p019976r2021-08-13 00:00:00w2021-08-13xEmin Değer Bağışıdır.yBKS c10813d10813